00280nam a22000975i 4500020001800000082002000018100003000038245005400068300002300122526003700145 a9789698535292 a820.949142bSHA1 aShāh, Ṣafdar ʻAlī,10aColonialism English & Punjabi /cSafdar Ali Shah. a349 pages ;c23 cm a0b0c0d820_949142000000000_SHA